LEADER 01241nam2-2200397---450- 001 990002221800203316 005 20041126163759.0 035 $a000222180 035 $aUSA01000222180 035 $a(ALEPH)000222180USA01 035 $a000222180 100 $a20041126h19731982km-y0itay0103----ba 101 0 $aita 102 $aIT 105 $a||||||||001yy 200 1 $a<2.> : Dagli inizi dell'Ottocento alla Conferenza di Edimburgo$fa cura di Ruth Rouse e Stephen Charles Neill 210 $aBologna$cIl Mulino$dcopyr. 1973 215 $aVIII, 482 p.$d21 cm 225 2 $aCollana di studi religiosi 410 0$12001$aCollana di studi religiosi 454 1$12001 461 1$1001000222175$12001 500 11$a<> history of the ecumenical movement, 1517-1948$957859 606 0 $aEcumenismo$xStoria$z1517-1948 676 $a260 702 1$aROUSE,$bRuth 702 1$aNEILL,$bStephen Charles 801 0$aIT$bsalbc$gISBD 912 $a990002221800203316 951 $aColl. G 1/II$b21036 E.C.$cColl. G 959 $aBK 969 $aGIU 979 $aSIAV3$b10$c20041126$lUSA01$h1629 979 $aSIAV3$b10$c20041126$lUSA01$h1637 996 $aHistory of the ecumenical movement, 1517-1948$957859 997 $aUNISA LEADER 01603nam0 2200409 i 450 001 VAN0100366 005 20220223123548.730 017 70$2N$a978-88-470-0481-8 100 $a20141229d2006 |0itac50 ba 101 $aita 102 $aIT 105 $a|||| ||||| 200 1 $aIntroduzione al calcolo scientifico$eesercizi e problemi risolti con MATLAB$fA. Quarteroni, F. Saleri 205 $a3. ed 210 $aMilano$cSpringer$d2006 215 $aX, 306 p.$cill.$d24 cm 410 1$1001VAN0045576$12001 $aUnitext$1210 $aMilano [etc.]$cSpringer$v22 500 1$3VAN0241301$aIntroduzione al Calcolo Scientifico$9103992 606 $a65-XX$xNumerical analysis [MSC 2020]$3VANC019772$2MF 610 $aAnalisi Numerica$9KW:K 610 $aCalcolo Scientifico$9KW:K 610 $aFinite$9KW:K 610 $aMATLAB$9KW:K 610 $aMatematica applicata$9KW:K 610 $aOctave$9KW:K 620 $dMilano$3VANL000284 700 1$aQuarteroni$bAlfio$3VANV030988$08375 701 1$aSaleri$bFausto$3VANV035582$022728 712 $aSpringer $3VANV108073$4650 801 $aIT$bSOL$c20240614$gRICA 856 4 $uhttps://doi.org/10.1007/88-470-0481-0$zE-book ? Accesso al full-text attraverso riconoscimento IP di Ateneo, proxy e/o Shibboleth 899 $aBIBLIOTECA CENTRO DI SERVIZIO SBA$2VAN15 912 $fN 912 $aVAN0100366 950 $aBIBLIOTECA CENTRO DI SERVIZIO SBA$d15CONS SBA EBOOK 100 $e15EB 100 20150429 996 $aIntroduzione al calcolo scientifico$9103992 997 $aUNICAMPANIA